Responses for show #6928 - Wednesday, October 29, 2014

Contestants

Ryan Alley, a patent attorney from Alexandria, Virginia

Jenica Jessen, a student and writer from Riverton, Utah (whose 1-day cash winnings total $19,200)

Bill Albertini, a professor of English from Toledo, Ohio (whose 2-day cash winnings total $38,750)

Jeopardy! Round responses

THE LONG ARM OF THE LAW SCHOOL
BEVERAGES
ON A BILLBOARD CHART IN 2014
HOME DESPOT
(Alex: ...and you have to identify the country.)
YOU "BONE" HEAD!
AFFAIRS OF THE HEART
    $200 5
Harvard

Bill
    $200 1
Ocean Spray

Ryan
    $200 15
Justin Bieber

Jenica
    $200 20
Uganda

Triple Stumper
    $200 10
(Ryan: What is skull and [*]?)

crossbones

Ryan
    $200 18
Twilight

Bill
    $400 6
Brigham Young

Ryan
    $400 2
Swiss Miss

Ryan
    $400 16
Bob Marley

Ryan
    $400 22
(Bill: What is Serbia?)

Yugoslavia

BillRyan
    $400 11
a trombone

Jenica
    $400 19
Wuthering Heights

Jenica
    $600 7
(Jenica: What is a dissertation?)

pro bono

Jenica
Triple Stumper
    $600 3
Barq's

Ryan
    $600 21
Keith Urban

Triple Stumper
    $600 23
Chile

Jenica
    $600 12
a backbone

Bill
    $600 27
Anna Karenina

Jenica
    $1,600 8
Georgetown

Ryan
    $800 4
Tropicana

Jenica
    $800 24
(Alex: Correct with less than a minute to go.)

Macklemore

Ryan
    $800 28
Cambodia

Jenica
    $800 13
herringbone

Jenica
    $1000 9
Stanford

Jenica
    $1000 17
Mountain Dew

Triple Stumper
    $1000 26
(Bill: Who is Harry Chapin?)

(Jim) Croce

BillRyan
    $1000 25
the Sudan

Triple Stumper
    $1000 14
whalebone

Jenica
    $1000 29
[The end-of-round signal sounds.]

Emma Woodhouse

Triple Stumper

Scores at the first commercial break (after clue 15):

Bill Jenica Ryan
$800 $3,600 $3,400

Scores at the end of the Jeopardy! Round:

Bill Jenica Ryan
-$400 $6,000 $6,000

Double Jeopardy! Round responses

MALTIN ON MOVIES
(Alex: Leonard Maltin, of course.)
MOUNTAINS
THE BIBLE FROM B TO Z
LONG WORD, SHORT DEFINITION
INITIALLY YOURS
(Alex: We need the initials.)
AFFAIRS OF THE HEART
    $400 1
The Lone Ranger

Jenica
    $400 7
Mount Olympus

Jenica
    $400 2
the Philistines

Ryan
    $400 12
denominator

Ryan
    $400 19
P.T. Barnum

Bill
    $400 26
a murmur

Ryan
    $800 16
Django Unchained

Ryan
    $800 8
Mount St. Helens

Ryan
    $800 3
the Galatians

Ryan
    $800 13
condominium

Bill
    $800 20
D.W. Griffith

Bill
    $800 27
ventricles

Jenica
    $1200 24
(Alex: With less than a minute to go, you are right.)

Skyfall

Jenica
    $2,600 9
Matterhorn

Ryan
    $1200 4
Zephaniah

Ryan
    $1200 14
terpsichorean

Triple Stumper
    $1200 21
C.S. Lewis

Bill
    $1600 15
Pitch Perfect

Jenica
    $1600 10
the Catskills

Bill
    $1600 5
(Ryan: Who is Barbaras?)
(Jenica: Who is Bartholomew?)
(Bill: Who is Barbaras?)

Barabbas

BillJenicaRyan
Triple Stumper
    $1600 17
prestidigitation

Bill
    $1600 22
H.R. Haldeman

Triple Stumper
    $2000 25
The Grand Budapest Hotel

Bill
    $2000 11
(Bill: What is Peru?)

Ecuador

BillRyan
    $2000 6
upharsin

Ryan
    $2000 18
a daguerreotype

Ryan
    $2,000 23
M.C. Escher

Bill
    $2000 28
[The end-of-round signal sounds.]

angina

Ryan

Scores at the end of the Double Jeopardy! Round:

Bill Jenica Ryan
$6,400 $8,800 $19,800
(lock game)

[wagering suggestions for these scores]

Final Jeopardy! Round responses

AMERICAN-BORN AUTHORS
BillWho is Henry James?
$6,398
JenicaWho is TS Eliot?
$4,000
RyanWho is TS Elliot?
$200
Henry James

Final scores:

Bill Jenica Ryan
$12,798 $4,800 $19,600
2nd place: $2,000 3rd place: $1,000 New champion: $19,600

Game dynamics:

Coryat scores:

Bill Jenica Ryan
$6,400 $8,800 $17,600
11 R
(including 1 DD),
4 W
15 R,
2 W
22 R
(including 2 DDs),
1 W

Combined Coryat: $32,800

The J! Archive is created by fans, for fans. The Jeopardy! game show and all elements thereof, including but not limited to copyright and trademark thereto, are the property of Jeopardy Productions, Inc. and are protected under law. This website is not affiliated with, sponsored by, or operated by Jeopardy Productions, Inc. Join the discussion at JBoard.tv.